[Event "Coupe Totier 2010 Qualifications Molter"]
[Site "Martigues"]
[Date "2010.06.06"]
[Round "1.1"]
[White "Milesi, Laurent"]
[Black "Rezki, Bernard"]
[Result "1-0"]
[WhiteElo "2140"]
[BlackElo "1910"]
[PlyCount "58"]
[EventDate "2010.06.06"]
[EventType "team ()"]
[EventRounds "3"]
[EventCountry "FRA"]
[Source "CDJE 13"]
[SourceDate "2010.06.15"]
[WhiteTeam "Aix en Provence"]
[BlackTeam "Aubagne III"]
[WhiteTeamCountry "FRA"]
[BlackTeamCountry "FRA"]

1. b3 d5 2. Bb2 Nc6 3. f4 Nf6 4. Nf3 Bf5 5. e3 Qd6 6. Be2 Nb4 7. Na3 g6 8. O-O
a6 9. Ne5 h5 10. c3 Nc6 11. c4 Rh7 12. cxd5 Nxd5 13. Nac4 Qe6 14. Nxc6 Qxc6 15.
Ne5 Qe6 16. Bf3 Bg4 17. Nxg4 hxg4 18. Bxg4 Qe4 19. Rc1 f5 20. Bf3 Qe6 21. Bxd5
Qxd5 22. Rxc7 Rd8 23. Bd4 g5 24. Qf3 gxf4 25. Qxd5 Rxd5 26. Rxf4 Rh5 27. Bc3 e5
28. Rf1 b6 29. b4 a5 1-0

[Event "Coupe Totier 2010 Qualifications Molter"]
[Site "Martigues"]
[Date "2010.06.06"]
[Round "1.2"]
[White "Burmonas, Romain"]
[Black "Pittet, Daniel"]
[Result "1/2-1/2"]
[WhiteElo "1731"]
[BlackElo "1600"]
[PlyCount "80"]
[EventDate "2010.06.06"]
[EventType "team ()"]
[EventRounds "3"]
[EventCountry "FRA"]
[Source "CDJE 13"]
[SourceDate "2010.06.15"]
[WhiteTeam "Aix en Provence"]
[BlackTeam "Marseille Académie"]
[WhiteTeamCountry "FRA"]
[BlackTeamCountry "FRA"]

1. e4 b6 2. d4 Bb7 3. Nc3 e6 4. Bd3 Bb4 5. Bd2 Nf6 6. Qe2 d6 7. Nf3 Nbd7 8. a3
Bxc3 9. Bxc3 Rc8 10. O-O-O c5 11. dxc5 Nxc5 12. Bb5+ Bc6 13. Bxc6+ Rxc6 14. Ne5
Rc7 15. Qb5+ Kf8 16. f3 Qe8 17. Qxe8+ Nxe8 18. Nd3 Ke7 19. Nf4 Nf6 20. Rd2 e5 {
(=)} 21. Nd5+ Nxd5 22. Rxd5 Rd8 23. Rhd1 f6 24. Kb1 g6 25. h4 h6 26. g4 Ke6 27.
g5 fxg5 28. hxg5 hxg5 29. Bxe5 Nb7 30. Bg3 Rc5 31. Kc1 Rf8 32. Rxc5 dxc5 33.
Rd3 c4 34. Rc3 b5 35. Kd2 Rd8+ 36. Ke2 Rd7 37. b3 Na5 38. Be1 Ke5 39. Re3 Nc6
40. Bc3+ Ke6 1/2-1/2

[Event "Coupe Totier 2010 Qualifications Molter"]
[Site "Martigues"]
[Date "2010.06.06"]
[Round "1.3"]
[White "Leadbetter, Peter"]
[Black "Poggioni, David"]
[Result "1-0"]
[WhiteElo "1600"]
[BlackElo "1630"]
[PlyCount "63"]
[EventDate "2010.06.06"]
[EventType "team ()"]
[EventRounds "3"]
[EventCountry "FRA"]
[Source "CDJE 13"]
[SourceDate "2010.06.15"]
[WhiteTeam "Aubagne III"]
[BlackTeam "Marseille Académie"]
[WhiteTeamCountry "FRA"]
[BlackTeamCountry "FRA"]

1. c4 Nf6 2. Nc3 g6 3. Nf3 Bg7 4. e3 d6 5. Bd3 b6 6. Bc2 Bb7 7. d4 Nbd7 8. O-O
e6 9. Re1 O-O 10. e4 Re8 11. Bg5 Qc8 12. Ba4 c6 13. e5 dxe5 14. Nxe5 Nxe5 15.
dxe5 Nd7 16. f4 Nc5 17. Bc2 Na6 18. Ne4 Kh8 19. Nd6 Qc7 20. Nxe8 Rxe8 21. Qg4
c5 22. Qh3 Nb4 23. Re2 Ba6 24. b3 b5 25. cxb5 Bxb5 26. Rd2 Qa5 27. Rad1 Rc8 28.
Rd8+ Rxd8 29. Rxd8+ Qxd8 30. Bxd8 Nxc2 31. Qc3 Na3 32. Qxc5 1-0

[Event "Coupe Totier 2010 Qualifications Molter"]
[Site "Martigues"]
[Date "2010.06.06"]
[Round "1.4"]
[White "Kaftandjian, Patrick"]
[Black "Cocordano, Claire"]
[Result "0-1"]
[WhiteElo "1499"]
[BlackElo "1600"]
[PlyCount "62"]
[EventDate "2010.06.06"]
[EventType "team ()"]
[EventRounds "3"]
[EventCountry "FRA"]
[Source "CDJE 13"]
[SourceDate "2010.06.15"]
[WhiteTeam "Marseille Académie"]
[BlackTeam "Aubagne III"]
[WhiteTeamCountry "FRA"]
[BlackTeamCountry "FRA"]

1. e4 d6 2. Nc3 Nf6 3. d4 g6 4. Bc4 Bg7 5. Nf3 O-O 6. O-O c5 7. d5 a6 8. h3 b5
9. Bd3 b4 10. Ne2 Bb7 11. Nf4 a5 12. b3 Nxd5 13. exd5 Bxa1 14. Be3 Bg7 15. Re1
Nd7 16. Bc1 Ne5 17. Nxe5 Bxe5 18. Ne2 a4 19. Bc4 Ba6 20. Qd3 Bxc4 21. Qxc4 axb3
22. Qxb3 Qa5 23. Bd2 Qxa2 24. Nc1 Qxb3 25. Nxb3 Ra2 26. Rc1 c4 27. Na5 Rxa5 28.
Bxb4 Ra1 29. Bd2 Rfa8 30. g3 Rxc1+ 31. Bxc1 Ra1 0-1

[Event "Coupe Totier 2010 Qualifications Molter"]
[Site "Martigues"]
[Date "2010.06.06"]
[Round "1.5"]
[White "Yacoubi, Irles"]
[Black "Giry, Valentin"]
[Result "0-1"]
[WhiteElo "1290"]
[BlackElo "1580"]
[PlyCount "62"]
[EventDate "2010.06.06"]
[EventType "team ()"]
[EventRounds "3"]
[EventCountry "FRA"]
[Source "CDJE 13"]
[SourceDate "2010.06.15"]
[WhiteTeam "Marseille Académie"]
[BlackTeam "Aix en Provence"]
[WhiteTeamCountry "FRA"]
[BlackTeamCountry "FRA"]

1. e4 c5 2. f4 d6 3. Nf3 Nf6 4. Nc3 g6 5. Bc4 Bg7 6. d3 Nc6 7. Be3 O-O 8. Qd2
Bd7 9. e5 Ng4 10. h3 Nxe3 11. Qxe3 dxe5 12. fxe5 b6 13. e6 fxe6 14. Bxe6+ Kh8
15. Bc4 Nd4 16. Qf2 Bc6 17. O-O-O Nxf3 18. gxf3 Bxf3 19. Qe3 Bxh1 20. Rxh1 Bd4
21. Qe4 e5 22. h4 Rf4 23. Qe1 Qf8 24. Ne2 Rf2 25. Nxd4 exd4 26. Rh2 Rf1 27.
Qxf1 Qxf1+ 28. Kd2 Qf4+ 29. Ke1 Qxh2 30. Bd5 Re8+ 31. Kd1 Qe2+ 0-1

[Event "Coupe Totier 2010 Qualifications Molter"]
[Site "Martigues"]
[Date "2010.06.06"]
[Round "1.6"]
[White "Wallet, Patrick"]
[Black "Benezra, Amos"]
[Result "0-1"]
[WhiteElo "1580"]
[BlackElo "1520"]
[PlyCount "98"]
[EventDate "2010.06.06"]
[EventType "team ()"]
[EventRounds "3"]
[EventCountry "FRA"]
[Source "CDJE 13"]
[SourceDate "2010.06.15"]
[WhiteTeam "Aubagne III"]
[BlackTeam "Aix en Provence"]
[WhiteTeamCountry "FRA"]
[BlackTeamCountry "FRA"]

1. e4 c5 2. Nf3 d6 3. d4 cxd4 4. Nxd4 Nf6 5. Nc3 g6 6. Be3 Bg7 7. f3 Nc6 8. Qd2
O-O 9. O-O-O Bd7 10. Nb3 a5 11. a4 Rc8 12. Bh6 Qc7 13. Bxg7 Kxg7 14. Nb5 Qd8
15. Kb1 Nb4 16. c3 Bxb5 17. Bxb5 Nc6 18. Qf2 Ne5 19. g4 Qc7 20. h4 h5 21. g5
Nfd7 22. f4 Ng4 23. Qd4+ Kg8 24. f5 Nc5 25. Nxc5 Qxc5 26. Qxc5 Rxc5 27. Rd2
gxf5 28. exf5 Rxf5 29. Re1 Ne5 30. Bd3 Nxd3 31. Rxd3 Re8 32. Rxd6 exd6 33.
Rxe8+ Kg7 34. Re4 Rf1+ 35. Kc2 Rf5 36. Kd3 Rf2 37. b3 Rf3+ 38. Kd4 d5 39. Re3
Rxe3 40. Kxe3 Kg6 41. Kf4 f6 42. gxf6 Kxf6 43. Ke3 Kf5 44. Kf3 b6 45. b4 d4 46.
bxa5 dxc3 47. a6 c2 48. a7 c1=Q 49. a8=Q Qh1+ 0-1

[Event "Coupe Totier 2010 Qualifications Molter"]
[Site "Martigues"]
[Date "2010.06.06"]
[Round "2.1"]
[White "Rezki, Bernard"]
[Black "Pittet, Daniel"]
[Result "0-1"]
[WhiteElo "1910"]
[BlackElo "1600"]
[PlyCount "72"]
[EventDate "2010.06.06"]
[EventType "team ()"]
[EventRounds "3"]
[EventCountry "FRA"]
[Source "CDJE 13"]
[SourceDate "2010.06.15"]
[WhiteTeam "Aubagne III"]
[BlackTeam "Marseille Académie"]
[WhiteTeamCountry "FRA"]
[BlackTeamCountry "FRA"]

1. d4 b6 2. e4 Bb7 3. Nc3 e6 4. Nf3 Bb4 5. Bg5 f6 6. Bd2 Bxc3 7. Bxc3 Bxe4 8.
Bd3 Bb7 9. O-O Ne7 10. Nh4 g6 11. Re1 Nd5 12. Bd2 Nc6 13. c4 Ndb4 14. Be4 f5
15. Nxf5 gxf5 16. Qh5+ Kf8 17. Bg5 Qe8 18. Qh6+ Kg8 19. Bxf5 Qf8 20. Bxe6+ dxe6
21. Qxe6+ Qf7 22. Qg4 Qg6 23. Re6 Qg7 24. Qh4 Nxd4 25. Re7 Qg6 26. Rxc7 h6 27.
Rxb7 Ne2+ 28. Kh1 hxg5 29. Qg4 Qh6 30. h3 Nf4 31. Qd7 Rf8 32. Re1 Rh7 33. Re7
Rxe7 34. Qxe7 Nbd3 35. Qe3 Nxf2+ 36. Qxf2 Nxh3 0-1

[Event "Coupe Totier 2010 Qualifications Molter"]
[Site "Martigues"]
[Date "2010.06.06"]
[Round "2.2"]
[White "Leadbetter, Peter"]
[Black "Milesi, Laurent"]
[Result "0-1"]
[WhiteElo "1600"]
[BlackElo "2140"]
[PlyCount "80"]
[EventDate "2010.06.06"]
[EventType "team ()"]
[EventRounds "3"]
[EventCountry "FRA"]
[Source "CDJE 13"]
[SourceDate "2010.06.15"]
[WhiteTeam "Aubagne III"]
[BlackTeam "Aix en Provence"]
[WhiteTeamCountry "FRA"]
[BlackTeamCountry "FRA"]

1. c4 b6 2. Nc3 Bb7 3. e3 f5 4. Bd3 g6 5. Nf3 Nf6 6. O-O Bg7 7. Bc2 O-O 8. d4
e6 9. Re1 Ne4 10. Nxe4 fxe4 11. Nd2 d5 12. cxd5 exd5 13. Bb3 Kh8 14. f3 Qe7 15.
Bc2 Nd7 16. a4 c5 17. b4 cxd4 18. Bb2 dxe3 19. Bxg7+ Qxg7 20. Rxe3 d4 21. Re1
d3 22. Bb3 Qd4+ 23. Kh1 e3 24. Nc4 Rae8 25. Ra2 d2 26. Re2 Nf6 27. Qa1 Qxa1+
28. Rxa1 Bd5 29. Ba2 Bxc4 30. Bxc4 Rc8 31. Rxe3 Rxc4 32. Rg1 Rd8 33. h3 Rc1 34.
Kh2 Rxg1 35. Kxg1 d1=Q+ 36. Kh2 Qd6+ 37. Kh1 Qg3 38. Re1 Qxe1+ 39. Kh2 Qe5+ 40.
Kg1 Qg3 0-1

[Event "Coupe Totier 2010 Qualifications Molter"]
[Site "Martigues"]
[Date "2010.06.06"]
[Round "2.3"]
[White "Poggioni, David"]
[Black "Burmonas, Romain"]
[Result "0-1"]
[WhiteElo "1630"]
[BlackElo "1731"]
[PlyCount "68"]
[EventDate "2010.06.06"]
[EventType "team ()"]
[EventRounds "3"]
[EventCountry "FRA"]
[Source "CDJE 13"]
[SourceDate "2010.06.15"]
[WhiteTeam "Marseille Académie"]
[BlackTeam "Aix en Provence"]
[WhiteTeamCountry "FRA"]
[BlackTeamCountry "FRA"]

1. e4 e5 2. f4 Bc5 3. Nf3 d6 4. c3 Bg4 5. Bc4 Nf6 6. d3 Nc6 7. h3 Bxf3 8. Qxf3
Qd7 9. b4 Bb6 10. a4 a5 11. b5 Na7 12. g4 O-O-O 13. Be3 exf4 14. Bxb6 cxb6 15.
g5 Ne8 16. Qxf4 f6 17. Qf2 Kb8 18. Qxb6 Nc7 19. gxf6 gxf6 20. Nd2 Rhe8 21. Qf2
f5 22. b6 fxe4 23. bxc7+ Qxc7 24. dxe4 d5 25. Bb5 Nxb5 26. axb5 Qxc3 27. Qh2+
Ka8 28. O-O dxe4 29. Nb3 b6 30. Ra3 Rd3 31. Rc1 Rg3+ 32. Kf1 Rf8+ 33. Ke2 Qd3+
34. Ke1 Rf1# 0-1

[Event "Coupe Totier 2010 Qualifications Molter"]
[Site "Martigues"]
[Date "2010.06.06"]
[Round "2.4"]
[White "Giry, Valentin"]
[Black "Kaftandjian, Patrick"]
[Result "1-0"]
[WhiteElo "1580"]
[BlackElo "1499"]
[PlyCount "83"]
[EventDate "2010.06.06"]
[EventType "team ()"]
[EventRounds "3"]
[EventCountry "FRA"]
[Source "CDJE 13"]
[SourceDate "2010.06.15"]
[WhiteTeam "Aix en Provence"]
[BlackTeam "Marseille Académie"]
[WhiteTeamCountry "FRA"]
[BlackTeamCountry "FRA"]

1. d4 d5 2. Nf3 Nf6 3. e3 a6 4. c4 e6 5. Nc3 Bb4 6. a3 Ba5 7. b4 Bb6 8. Bb2 O-O
9. Bd3 Nc6 10. O-O Re8 11. Rc1 e5 12. dxe5 Nxe5 13. Nxe5 Rxe5 14. Nxd5 Re6 15.
Nxb6 cxb6 16. Bxh7+ Nxh7 17. Qxd8+ Nf8 18. Qg5 Rg6 19. Qe5 f6 20. Qd5+ Be6 21.
Qxb7 Rc8 22. Qxa6 Bh3 23. g3 Rc6 24. b5 Re6 25. Rfd1 Kf7 26. Qb7+ Re7 27. Qxb6
Nd7 28. Qd8 Ne5 29. Bxe5 fxe5 30. Rd6 Be6 31. Rf1 Rh6 32. f4 Bxc4 33. Rxh6 gxh6
34. Rf2 e4 35. Qd4 Bxb5 36. Qd5+ Re6 37. Qxb5 Rf6 38. Qd5+ Kg7 39. Rc2 Rf8 40.
Qe5+ Kg8 41. Rc7 Rf7 42. Qe6 1-0

[Event "Coupe Totier 2010 Qualifications Molter"]
[Site "Martigues"]
[Date "2010.06.06"]
[Round "2.5"]
[White "Benezra, Amos"]
[Black "Cocordano, Claire"]
[Result "1/2-1/2"]
[WhiteElo "1520"]
[BlackElo "1600"]
[PlyCount "75"]
[EventDate "2010.06.06"]
[EventType "team ()"]
[EventRounds "3"]
[EventCountry "FRA"]
[Source "CDJE 13"]
[SourceDate "2010.06.15"]
[WhiteTeam "Aix en Provence"]
[BlackTeam "Aubagne III"]
[WhiteTeamCountry "FRA"]
[BlackTeamCountry "FRA"]

1. e4 d6 2. Nf3 Nf6 3. Nc3 g6 4. d4 Bg7 5. Bc4 O-O 6. O-O c5 7. e5 dxe5 8. dxe5
Ng4 9. Bf4 Nc6 10. Qxd8 Rxd8 11. Rfe1 Bf5 12. h3 Nh6 13. Rac1 Nd4 14. Rf1 Nxf3+
15. gxf3 Bxh3 16. Rfe1 Bf5 17. Bg5 Rd7 18. Bb5 Rd4 19. Bxe7 c4 20. b3 cxb3 21.
cxb3 Be6 22. Red1 Rxd1+ 23. Nxd1 Nf5 24. Bc5 Bf8 25. Bxf8 Kxf8 26. Kg2 a6 27.
Bd3 Re8 28. Bxf5 Bxf5 29. Ne3 Be6 30. Rh1 Kg7 31. Ng4 h5 32. Nf6 Rc8 33. Rd1
Kh6 34. f4 Kg7 35. Rd4 {(=)} Kf8 36. Rd6 Ke7 37. Rb6 Rc7 38. Rd6 1/2-1/2

[Event "Coupe Totier 2010 Qualifications Molter"]
[Site "Martigues"]
[Date "2010.06.06"]
[Round "2.6"]
[White "Baroyan, Davit"]
[Black "Wallet, Patrick"]
[Result "0-1"]
[WhiteElo "1060"]
[BlackElo "1580"]
[PlyCount "94"]
[EventDate "2010.06.06"]
[EventType "team ()"]
[EventRounds "3"]
[EventCountry "FRA"]
[Source "CDJE 13"]
[SourceDate "2010.06.15"]
[WhiteTeam "Marseille Académie"]
[BlackTeam "Aubagne III"]
[WhiteTeamCountry "FRA"]
[BlackTeamCountry "FRA"]

1. e4 d5 2. exd5 Qxd5 3. Nc3 Qa5 4. d4 e5 5. Nf3 Bb4 6. Bd2 Nc6 7. a3 Bxc3 8.
Bxc3 Qb6 9. Bc4 Bg4 10. a4 a5 11. dxe5 Rd8 12. Bxf7+ Kf8 13. Qe2 Nd4 14. Bxd4
Qxd4 15. Nxd4 Bxe2 16. Nxe2 Kxf7 17. Rd1 Ne7 18. O-O c6 19. Rxd8 Rxd8 20. Re1
Rd2 21. Kf1 Rxc2 22. e6+ Ke8 23. b3 Nf5 24. Rb1 Ke7 25. Re1 Rb2 26. Nc1 Nd4 27.
Re4 Nxe6 28. Re5 Kd6 29. Re1 Nc5 30. Rd1+ Kc7 31. Ke1 Nxb3 32. Nxb3 Rxb3 33.
Rd2 Ra3 34. Re2 Ra1+ 35. Kd2 Ra2+ 36. Kd1 Rxe2 37. Kxe2 Kd6 38. Ke3 Kc5 39. f4
b5 40. axb5 cxb5 41. Ke4 a4 42. f5 a3 43. Ke5 a2 44. f6 a1=Q+ 45. Ke6 Qxf6+ 46.
Kd7 Qf7+ 47. Kc8 Kc6 0-1

[Event "Coupe Totier 2010 Qualifications Molter"]
[Site "Martigues"]
[Date "2010.06.06"]
[Round "3.1"]
[White "Pittet, Daniel"]
[Black "Milesi, Laurent"]
[Result "0-1"]
[WhiteElo "1600"]
[BlackElo "2140"]
[PlyCount "47"]
[EventDate "2010.06.06"]
[EventType "team ()"]
[EventRounds "3"]
[EventCountry "FRA"]
[Source "CDJE 13"]
[SourceDate "2010.06.15"]
[WhiteTeam "Marseille Académie"]
[BlackTeam "Aix en Provence"]
[WhiteTeamCountry "FRA"]
[BlackTeamCountry "FRA"]

1. g3 f5 2. Bg2 Nf6 3. d4 g6 4. Bg5 Bg7 5. Nc3 O-O 6. e3 d6 7. f4 c6 8. Nh3
Nbd7 9. Bxf6 Nxf6 10. Nf2 Qb6 11. Nd3 Ng4 12. Qe2 e5 13. fxe5 dxe5 14. O-O-O
Nxe3 15. Qxe3 exd4 16. Qf2 dxc3 17. Qxb6 axb6 18. Kb1 Be6 19. b3 Bf7 20. Nb4
Rad8 21. Rd3 Rfe8 22. Rhd1 Rxd3 23. cxd3 Re2 24. Nc2 0-1

[Event "Coupe Totier 2010 Qualifications Molter"]
[Site "Martigues"]
[Date "2010.06.06"]
[Round "3.2"]
[White "Poggioni, David"]
[Black "Rezki, Bernard"]
[Result "1-0"]
[WhiteElo "1630"]
[BlackElo "1910"]
[PlyCount "79"]
[EventDate "2010.06.06"]
[EventType "team ()"]
[EventRounds "3"]
[EventCountry "FRA"]
[Source "CDJE 13"]
[SourceDate "2010.06.15"]
[WhiteTeam "Marseille Académie"]
[BlackTeam "Aubagne III"]
[WhiteTeamCountry "FRA"]
[BlackTeamCountry "FRA"]

1. e4 c6 2. d4 d5 3. e5 Bf5 4. Bd3 Bxd3 5. Qxd3 e6 6. Nf3 c5 7. c3 Nc6 8. O-O
cxd4 9. cxd4 Nge7 10. Bg5 Qb6 11. Rc1 Nf5 12. Be3 Be7 13. a3 O-O 14. b4 a6 15.
Nbd2 Qd8 16. Nf1 Rc8 17. Ng3 Nh4 18. Kh1 f5 19. Bd2 Nxf3 20. gxf3 Bg5 21. f4
Bh6 22. Rg1 Qh4 23. Rg2 Ne7 24. Rag1 Ng6 25. Ne2 Rc7 26. Rg3 Nxf4 27. Nxf4 Bxf4
28. Rh3 Qxh3 29. Qxh3 Bxd2 30. Qd3 Bf4 31. b5 Rc4 32. bxa6 bxa6 33. Rb1 Rfc8
34. Rb7 Rc3 35. Qxa6 R3c6 36. Qa7 Bh6 37. Rb8 g5 38. Rxc8+ Rxc8 39. Qd7 Rc1+
40. Kg2 1-0

[Event "Coupe Totier 2010 Qualifications Molter"]
[Site "Martigues"]
[Date "2010.06.06"]
[Round "3.3"]
[White "Burmonas, Romain"]
[Black "Leadbetter, Peter"]
[Result "0-1"]
[WhiteElo "1731"]
[BlackElo "1600"]
[PlyCount "54"]
[EventDate "2010.06.06"]
[EventType "team ()"]
[EventRounds "3"]
[EventCountry "FRA"]
[Source "CDJE 13"]
[SourceDate "2010.06.15"]
[WhiteTeam "Aix en Provence"]
[BlackTeam "Aubagne III"]
[WhiteTeamCountry "FRA"]
[BlackTeamCountry "FRA"]

1. e4 c5 2. Nc3 Nc6 3. f4 e6 4. Nf3 Nf6 5. d3 Be7 6. g3 O-O 7. Bg2 d5 8. e5 Ng4
9. O-O a6 10. a4 f6 11. Bh3 Nh6 12. Re1 c4 13. Qe2 cxd3 14. cxd3 Bc5+ 15. Kh1
Nd4 16. Nxd4 Bxd4 17. Rf1 fxe5 18. fxe5 Rxf1+ 19. Qxf1 Nf5 20. Bxf5 exf5 21.
Qf4 Bb6 22. Bd2 Bd7 23. Rc1 Rc8 24. Be3 d4 25. Bxd4 Bc6+ 26. Ne4 Bxd4 27. Qxf5
Bxe4+ 0-1

[Event "Coupe Totier 2010 Qualifications Molter"]
[Site "Martigues"]
[Date "2010.06.06"]
[Round "3.4"]
[White "Cocordano, Claire"]
[Black "Giry, Valentin"]
[Result "0-1"]
[WhiteElo "1600"]
[BlackElo "1580"]
[PlyCount "112"]
[EventDate "2010.06.06"]
[EventType "team ()"]
[EventRounds "3"]
[EventCountry "FRA"]
[Source "CDJE 13"]
[SourceDate "2010.06.15"]
[WhiteTeam "Aubagne III"]
[BlackTeam "Aix en Provence"]
[WhiteTeamCountry "FRA"]
[BlackTeamCountry "FRA"]

1. e4 c5 2. Nf3 d6 3. d4 cxd4 4. Nxd4 Nf6 5. Bd3 g6 6. O-O Bg7 7. c3 O-O 8. Be3
d5 9. exd5 Nxd5 10. Qd2 Nxe3 11. Qxe3 e6 12. Nd2 Bxd4 13. Qxd4 Qxd4 14. cxd4
Nc6 15. Nf3 Rd8 16. Rad1 Nxd4 17. Nxd4 Rxd4 18. b3 b6 19. Bc4 Rd7 20. Bb5 Rxd1
21. Rxd1 Bb7 22. Rd7 Bd5 23. Rc7 a6 24. Be2 b5 25. f3 b4 26. Kf2 a5 27. Bb5 Kg7
28. Ke3 g5 29. g3 h5 30. f4 g4 31. Kd4 Kg6 32. Ke5 Bf3 33. Bd3+ Kg7 34. Bc4 Kg6
35. Bd3+ Kg7 36. Bc4 {(=)} Bd5 37. Bb5 Rb8 38. Bd3 a4 39. bxa4 Bxa2 40. f5 exf5
41. Bc4 Bxc4 42. Rxc4 b3 43. Rc1 b2 44. Rb1 Kg6 45. Kd5 Kf6 46. Kc4 Ke5 47. Kc3
Ra8 48. Kb3 f4 49. gxf4+ Kxf4 50. Rxb2 f5 51. Kc3 Ke3 52. Rb5 f4 53. Rxh5 f3
54. Re5+ Kf4 55. Re1 Rxa4 56. Kd3 Ra2 0-1

[Event "Coupe Totier 2010 Qualifications Molter"]
[Site "Martigues"]
[Date "2010.06.06"]
[Round "3.5"]
[White "Wallet, Patrick"]
[Black "Yacoubi, Irles"]
[Result "1-0"]
[WhiteElo "1580"]
[BlackElo "1190"]
[PlyCount "73"]
[EventDate "2010.06.06"]
[EventType "team ()"]
[EventRounds "3"]
[EventCountry "FRA"]
[Source "CDJE 13"]
[SourceDate "2010.06.15"]
[WhiteTeam "Aubagne III"]
[BlackTeam "Marseille Académie"]
[WhiteTeamCountry "FRA"]
[BlackTeamCountry "FRA"]

1. e4 e5 2. Nf3 Nc6 3. Bb5 Nf6 4. O-O Nxe4 5. d4 a6 6. Ba4 b5 7. Bb3 Na5 8.
Nxe5 Nxb3 9. axb3 Bd6 10. Nxf7 Qh4 11. Nxd6+ Nxd6 12. Re1+ Ne4 13. Nc3 O-O 14.
Nxe4 d5 15. Bg5 Bg4 16. Bxh4 Bxd1 17. Raxd1 dxe4 18. Rxe4 a5 19. d5 a4 20. bxa4
bxa4 21. Ra1 Rfe8 22. Rxe8+ Rxe8 23. Kf1 Re4 24. Bd8 Rc4 25. c3 Rh4 26. Bxc7
Kf7 27. Bg3 Rh5 28. c4 Kf6 29. Rxa4 Kf5 30. c5 Kf6 31. Rd4 Ke7 32. b4 Kd7 33.
b5 Rf5 34. b6 Kc8 35. c6 Rxd5 36. Rxd5 h5 37. b7# 1-0

[Event "Coupe Totier 2010 Qualifications Molter"]
[Site "Martigues"]
[Date "2010.06.06"]
[Round "3.6"]
[White "Benezra, Amos"]
[Black "Baroyan, Davit"]
[Result "1-0"]
[WhiteElo "1520"]
[BlackElo "1260"]
[PlyCount "137"]
[EventDate "2010.06.06"]
[EventType "team ()"]
[EventRounds "3"]
[EventCountry "FRA"]
[Source "CDJE 13"]
[SourceDate "2010.06.15"]
[WhiteTeam "Aix en Provence"]
[BlackTeam "Marseille Académie"]
[WhiteTeamCountry "FRA"]
[BlackTeamCountry "FRA"]

1. e4 d5 2. exd5 Nf6 3. Bc4 Nxd5 4. d3 e5 5. Nf3 Bg4 6. h3 Be6 7. Nxe5 Bd6 8.
Nf3 Nc6 9. O-O Qd7 10. Qe2 O-O-O 11. Bd2 Rde8 12. Qd1 Bxh3 13. Bxd5 Be6 14.
Bxe6 Qxe6 15. Re1 Qf6 16. Nc3 h5 17. Bg5 Qg6 18. Qd2 Rxe1+ 19. Rxe1 f6 20. Nh4
Qxg5 21. Qxg5 fxg5 22. Nf5 Bc5 23. Nxg7 Rf8 24. Re8+ Rxe8 25. Nxe8 Bd4 26. Nd5
Be5 27. Nef6 h4 28. c3 Bxf6 29. Nxf6 Kd8 30. Ne4 g4 31. Nf6 g3 32. fxg3 hxg3
33. Ne4 Ne5 34. d4 Nd3 35. b4 Nc1 36. a4 Ne2+ 37. Kf1 Nf4 38. Nxg3 Kd7 39. Kf2
Nd3+ 40. Ke3 Ne1 41. Ne4 Nxg2+ 42. Kd3 Nf4+ 43. Kc4 c6 44. Nc5+ Kc7 45. b5 a6
46. bxa6 bxa6 47. Nxa6+ Kb6 48. Nc5 Nd5 49. Nb3 Ne3+ 50. Kd3 Nd5 51. c4 Nb4+
52. Ke4 Na6 53. d5 Nc5+ 54. Nxc5 Kxc5 55. dxc6 Kxc6 56. Kd4 Kb6 57. Kd5 Kb7 58.
c5 Kc8 59. Kc6 Kb8 60. Kd7 Kb7 61. c6+ Ka6 62. c7 Ka5 63. c8=Q Kxa4 64. Qb7 Ka5
65. Kc6 Ka4 66. Kc5 Ka3 67. Kc4 Ka2 68. Kc3 Ka1 69. Qb2# 1-0

[Event "Coupe Totier 2010 Qualifications Suisse"]
[Site "Martigues"]
[Date "2010.06.06"]
[Round "1.1"]
[White "Girard, Jean Pierre"]
[Black "Puglisi, Orazio"]
[Result "1/2-1/2"]
[WhiteElo "1923"]
[BlackElo "1948"]
[PlyCount "67"]
[EventDate "2010.06.06"]
[EventType "swiss ()"]
[EventRounds "3"]
[EventCountry "FRA"]
[Source "CDJE 13"]
[SourceDate "2010.06.15"]
[WhiteTeam "Istres/Fos"]
[BlackTeam "Aubagne II"]
[WhiteTeamCountry "FRA"]
[BlackTeamCountry "FRA"]

1. e4 g6 2. d4 Bg7 3. Nf3 c5 4. Be2 cxd4 5. Nxd4 Nc6 6. Be3 d6 7. Nc3 Nf6 8.
O-O O-O 9. h3 Bd7 10. Re1 Rc8 11. Nxc6 Bxc6 12. Qd3 a6 13. Rad1 Qc7 14. f4 b5
15. a3 Qb7 16. Nd5 Nxd5 17. exd5 Bd7 18. c3 Bf5 19. Qd2 a5 20. Bf1 b4 21. axb4
axb4 22. c4 b3 23. Ra1 Ra8 24. Bd4 Ra2 25. Bxg7 Kxg7 26. Qc3+ Kg8 27. Kh1 Rfa8
28. Rac1 h5 29. Be2 Bc2 30. g4 hxg4 31. hxg4 Qb6 32. Kg2 f6 33. g5 Kg7 34. Bd3
1/2-1/2

[Event "Coupe Totier 2010 Qualifications Suisse"]
[Site "Martigues"]
[Date "2010.06.06"]
[Round "1.2"]
[White "Miguel, Alain"]
[Black "Jullien, Patrick"]
[Result "1-0"]
[WhiteElo "1876"]
[BlackElo "1786"]
[PlyCount "58"]
[EventDate "2010.06.06"]
[EventType "swiss ()"]
[EventRounds "3"]
[EventCountry "FRA"]
[Source "CDJE 13"]
[SourceDate "2010.06.15"]
[WhiteTeam "Aubagne II"]
[BlackTeam "Istres/Fos"]
[WhiteTeamCountry "FRA"]
[BlackTeamCountry "FRA"]

1. d4 d5 2. c4 e6 3. Nc3 Nf6 4. f3 b6 5. cxd5 exd5 6. e3 Be7 7. Bd3 Bb7 8. Nge2
Nbd7 9. a3 c5 10. O-O O-O 11. Kh1 Rc8 12. g4 h6 13. Bb1 Re8 14. Rg1 Nh7 15. Ng3
Ndf6 16. Nf5 Bf8 17. g5 hxg5 18. f4 g4 19. Qc2 g6 20. Ng3 Ne4 21. Ngxe4 dxe4
22. dxc5 Rxc5 23. Rxg4 Nf6 24. Rg1 Qd3 25. Qf2 Qd7 26. Ba2 Rh5 27. Rxg6+ Bg7
28. Qg2 Rh7 29. Rxf6 Re6 1-0

[Event "Coupe Totier 2010 Qualifications Suisse"]
[Site "Martigues"]
[Date "2010.06.06"]
[Round "1.3"]
[White "Larbi, Sofiane"]
[Black "Mosse, Laurent"]
[Result "0-1"]
[WhiteElo "1499"]
[BlackElo "1670"]
[PlyCount "62"]
[EventDate "2010.06.06"]
[EventType "swiss ()"]
[EventRounds "3"]
[EventCountry "FRA"]
[Source "CDJE 13"]
[SourceDate "2010.06.15"]
[WhiteTeam "Istres/Fos"]
[BlackTeam "Aubagne II"]
[WhiteTeamCountry "FRA"]
[BlackTeamCountry "FRA"]

1. e4 c6 2. f4 d5 3. exd5 cxd5 4. Nf3 Nc6 5. Bb5 Bg4 6. h3 Bxf3 7. Qxf3 e6 8.
c3 Nf6 9. d4 Be7 10. O-O Ne4 11. Nd2 f5 12. Nxe4 dxe4 13. Qh5+ g6 14. Bxc6+
bxc6 15. Qe2 O-O 16. b4 Qd5 17. Kh1 a5 18. bxa5 Rxa5 19. Rd1 Ba3 20. c4 Qd6 21.
Bxa3 Rxa3 22. Qb2 Rfa8 23. Rf1 Rd3 24. Rfd1 Raa3 25. Rxd3 Rxd3 26. d5 cxd5 27.
a4 dxc4 28. Qc2 Qd5 29. Rg1 e3 30. a5 e2 31. Qxe2 Rxh3# 0-1